书目信息 |
| 题名: |
理解与对话
|
|
| 作者: | 朱立元 著 | |
| 分册: | ||
| 出版信息: | 武汉 华中师范大学出版社 2000 |
|
| 页数: | 320页 | |
| 开本: | 20cm | |
| 丛书名: | 新时期文艺学建设丛书 | |
| 单 册: | ||
| 中图分类: | I0-53 , I0 | |
| 科图分类: | ||
| 主题词: | 文艺理论--文集 | |
| 电子资源: | ||
| ISBN: | 7-5622-2098-0 | |
| 000 | 00916oam2 2200265 450 | |
| 001 | 1554160942 | |
| 005 | 20150118150314.46 | |
| 010 | @a7-5622-2098-0@dCNY17.00 | |
| 100 | @a20010706d2000 em y0chiy0110 ea | |
| 101 | 0 | @achi@eeng |
| 102 | @aCN@b420000 | |
| 105 | @aa z 000yy | |
| 200 | 1 | @a理解与对话@Ali jie yu dui hua@f朱立元著 |
| 210 | @a武汉@c华中师范大学出版社@d2000 | |
| 215 | @a320页@c彩照@d20cm | |
| 225 | 2 | @a新时期文艺学建设丛书@h第一辑 |
| 330 | @a本书从一个侧面反映了我国文学理论走向现代性的必然选择,书中所选论文涉及二重组合原理、文艺学方法论问题、艺术真实问题、现实主义问题、艺术生产与接受问题、人文精神问题等诸多领域。 | |
| 410 | 0 | @12001 @a新时期文艺学建设丛书 |
| 462 | 0 | @12001@a新时期文艺学建设丛书@h第一辑 |
| 606 | 0 | @a文艺理论@j文集 |
| 690 | @aI0-53@v5 | |
| 690 | @aI0@v4 | |
| 701 | 0 | @a朱立元@Azhu li yuan@f(1945.7~)@4著 |
| 801 | 0 | @aCN@bTSSF@c20150118 |
| 905 | @aZUCC@dI0@eJY1 | |
| 理解与对话/朱立元著.-武汉:华中师范大学出版社,2000 |
| 320页:彩照;20cm.-(新时期文艺学建设丛书.第一辑) |
| ISBN 7-5622-2098-0:CNY17.00 |
| 本书从一个侧面反映了我国文学理论走向现代性的必然选择,书中所选论文涉及二重组合原理、文艺学方法论问题、艺术真实问题、现实主义问题、艺术生产与接受问题、人文精神问题等诸多领域。 |
| ● |
| 相关链接 |
|
|
|
|
正题名:理解与对话
索取号:I0/JY1
 
预约/预借
| 序号 | 登录号 | 条形码 | 馆藏地/架位号 | 状态 | 备注 |
| 1 | 7849155 | 278491552 | 学院路分馆/ [索取号:I0/JY1] | 在馆 |